Haiti A-Z - Statistics

General Stats
  • This quiz has been taken 33 times
  • The average score is 13 of 26
Answer Stats
# Hint Answer % Correct
F Official language French
97%
E Haiti is often struck hard by this kind of natural disaster(e.g. on January 12th 2010 & August 14th 2021) Earthquake
94%
H Haiti is part of this Island Hispaniola
94%
C European who discovered Haiti (or #H) in 1492 Christopher Columbus
90%
R Only bordering country República Dominicana
84%
J Neighboring island country Jamaica
77%
V Syncretistic religion Haitian {Vodou}
74%
P Capital Port-au-Prince
74%
I The haitian Jean Baptiste Point du Sable is recognised as "Founder of Chicago", because he is the first known non-indigenous settler on the area of modern-day Chicago (ca. 1770) Chicago is the biggest city of this state Illinois
68%
B Dictator 1971-1986 {Baby Doc} Jean-Claude Duvalier
58%
L Leader of the Haitian Revolution † 1803 Toussaint Louverture
52%
Z Mindless creature from Haitian Folklore Common creature in (western) media of the Horror or Fantasy genre {Zombi} (French) | {Zonbi} (Creole) | {Zombie} (English)
48%
G Currency Gourde
42%
D Emperor of Haiti 1804-1806 Jean-Jacques Dessalines
42%
Q Official french name Contains a Q {République} d’Haïti
42%
W Haitian rapper Born in #X Wyclef Jean
42%
A The indigenous #O People were part of this larger amerindian ethnic group Arawak
39%
Y Haitian Creole for Haiti Contains a Y Ayiti
35%
O The indigenous people of Haiti Ends on O Taíno
35%
X 9th largest city7th largest metropolitan area Ends on X {Croix}-des-Bouquets
23%
K Traditional celebrations in february and march Kanaval
23%
T Buslike Taxi cabsFast-fast in Haitian Creole Tap-Tap
19%
S Biggest Lake Brackish Pond Étang {Saumâtre}
13%
N Island which is disputed between the US and HaitiSouthwest of Haiti Navassa Island
10%
U US-lead military intervention in Haiti 1994-1995 Sometimes called Operation Restore Democracy Operation {Uphold Democracy}
6%
M There were five #O chiefdoms (caciquedoms) on #H at the arrival of #C Except for Higüey and Jaragua all their names start with M Name at least one of the three Maguá | Maguana | Marién
6%
No matching quizzes found
Score Distribution
Percent of People with Each Score
Percentile by Number Answered
Your Score History
You have not taken this quiz